000 00239nam a22001217a 4500
020 _a0-7214-1839-2
082 _a823
_bHAN/A
245 _aANIMAL HOMES
260 _aUK
_bLADYBIRD
300 _a30
650 _aENGLISH BOOK
_zUK
942 _cBK
999 _c1844
_d1844